El Mundo Florentino y su Ambiente Social. República Burguesa Anterior al Cosme de Médicis: Siglos XIV-XV /

Durante los siglos XIV y XV la pintura florentina se desplegó en diversas corrientes estilísticas, con representantes tan distintos como Massaccio y Gentile de Fabriano. Si la crítica había explicado esa coexistencia mediante el análisis formal y las acuñadas clasificaciones estilísticas, el autor,...

Täydet tiedot

Tallennettuna:
Bibliografiset tiedot
Päätekijä: Antal, Frederick (autor)
Aineistotyyppi: Kirja
Kieli:espanja
Julkaistu: Madrid, España : Alianza, 1987
Sarja:(Alianza Forma ; 82)
Aiheet:
Tagit: Lisää tagi
Ei tageja, Lisää ensimmäinen tagi!

MARC

LEADER 00000nam^a2200000^a^4500
001 000026589
005 20250521000000.0
009 20260310084737.1
020 |a 84-206-7068-0 
037 |a Acervo ITESO - Biblioteca 
041 |a ESP 
082 |a 759. 03  |b ANT 
100 |a Antal, Frederick  |e (autor) 
245 1 3 |a El Mundo Florentino y su Ambiente Social. República Burguesa Anterior al Cosme de Médicis: Siglos XIV-XV /  |c F. Antal; pról. y tr. por: Juan Antonio Gaya Nuño. 
264 1 |a Madrid, España :  |b Alianza,  |c 1987 
300 |a 372 p. 
336 |a texto  |b txt  |2 rdacontenido 
337 |a sin mediación  |b n  |2 rdamedio 
338 |a volumen  |b nc  |2 rdasoporte 
440 1 |a (Alianza Forma ;  |v 82) 
500 |a Traducción de: Florentine Painting and It's Social Background. The Bourgois Republic before Cosimo of Medici's Aduent Power: XVI and Early XV Centuries 
520 |a Durante los siglos XIV y XV la pintura florentina se desplegó en diversas corrientes estilísticas, con representantes tan distintos como Massaccio y Gentile de Fabriano. Si la crítica había explicado esa coexistencia mediante el análisis formal y las acuñadas clasificaciones estilísticas, el autor, en cambio, abordó en este libro el problema desde el punto de vista del método sociológico, estableciendo una relación directa entre la obra artística y contexto ideológico. De esta forma "El Mundo Florentino y su Ambiente Social" contribuyó a la fijación de un nuevo enfoque para la compresión de las creaciones artísticas. 
649 |a XX 
650 |a Arte Renacentista -  |z Florencia, Italia 
910 |a Fondo General 
920 |a Impresos - Libros 
930 |a Colección General 
905 |a 101 
901 |a 0265890100  |b IT1  |c ACC  |i 026589  |u 20250521 
902 |a https://opac.biblio.iteso.mx/vufind/Record/000026589